[Event "UZB-ch 1st League"]
[Site "Tashkent"]
[Date "2016.02.20"]
[Round "9"]
[White "Eminov, Adkham"]
[Black "Jumanov, Elbek"]
[Result "1-0"]
[WhiteElo "2077"]
[BlackElo "2215"]
[PlyCount "122"]
[EventDate "2016.02.12"]
[EventType "tourn"]
[EventRounds "11"]
[EventCountry "UZB"]
[EventCategory "1"]
[SourceTitle "CBM 171 Extra"]
[Source "ChessBase"]
[SourceDate "2016.04.26"]
[SourceVersion "1"]
[SourceVersionDate "2016.04.26"]
[SourceQuality "1"]

1. e4 c5 2. d3 Nc6 3. g3 e6 4. Bg2 Nf6 5. Nf3 Be7 6. 0-0 0-0 7. Re1 d5 8. e5 Nd7 9. h4 Rb8 10. Nbd2 b5 11. Nf1 a5 12. Bf4 Re8 13. N1h2 Nf8 14. Ng5 Qd7 15. Qh5 Bd8 16. Ng4 Rb7 17. c3 Kh8 18. Bh3 f5 19. Nh2 g6 20. Qe2 Qg7 21. Bg2 Bd7 22. Qd2 c4 23. Ngf3 cxd3 24. Bh6 Qg8 25. Qxd3 Be7 26. Rac1 Nd8 27. Ng5 Nf7 28. Nxf7+ Qxf7 29. Nf3 Bc6 30. Nd4 Rc8 31. Nb3 a4 32. Na5 Rbb8 33. Nxc6 Rxc6 34. b3 axb3 35. axb3 Ba3 36. Rc2 Qc7 37. Ree2 Be7 38. Bd2 Nd7 39. Ra2 Nc5 40. Qe3 Nxb3 41. Ra7 Qd8 42. h5 g5 43. Qd3 Nc5 44. Qb1 Rc7 45. Ra5 Rcb7 46. Qa2 Qe8 47. h6 Qh5 48. Be3 Qxh6 49. Ra7 Qf8 50. Bxc5 Bxc5 51. Rxb7 Rxb7 52. Qa6 Rb6 53. Qa5 Qb8 54. Bf1 Bf8 55. f4 gxf4 56. gxf4 b4 57. cxb4 Rxb4 58. Qa6 Bc5+ 59. Kh2 Qe8 60. Rc2 Qf8 61. Qxe6 Rxf4 1-0

[Event "UZB-ch 1st League"]
[Site "Tashkent"]
[Date "2016.02.14"]
[Round "3"]
[White "Abdusattorov, Nodirbek"]
[Black "Eminov, Adkham"]
[Result "1/2-1/2"]
[WhiteElo "2430"]
[BlackElo "2077"]
[PlyCount "127"]
[EventDate "2016.02.12"]
[EventType "tourn"]
[EventRounds "11"]
[EventCountry "UZB"]
[EventCategory "1"]
[SourceTitle "CBM 171 Extra"]
[Source "ChessBase"]
[SourceDate "2016.04.26"]
[SourceVersion "1"]
[SourceVersionDate "2016.04.26"]
[SourceQuality "1"]

1. Nf3 c5 2. g3 d5 3. Bg2 e6 4. 0-0 Nc6 5. c4 Nf6 6. cxd5 exd5 7. d4 c4 8. Nc3 Be7 9. Bg5 0-0 10. Ne5 h6 11. Bxf6 gxf6 12. Nxc6 bxc6 13. e4 dxe4 14. Nxe4 Rb8 15. Qc1 f5 16. Nd2 Qxd4 17. Nxc4 Be6 18. Na5 Qxb2 19. Nxc6 Bg5 20. Qc5 Rb5 21. Qd6 Rb6 22. a4 a5 23. h4 Bf6 24. Rac1 Kg7 25. Qc5 f4 26. gxf4 Rg8 27. Kh2 Qd2 28. Qe3 Qxe3 29. fxe3 Rb2 30. Kg1 Bxh4 31. Rb1 Re2 32. Nd4 Rxe3 33. Rb6 Kh8 34. Kh1 Bd8 35. Ra6 Kh7 36. Nxe6 fxe6 37. Rd1 Bf6 38. Rd7+ Rg7 39. Rxg7+ Kxg7 40. Rxa5 Bh4 41. f5 exf5 42. Rxf5 Ra3 43. Bc6 Ra2 44. Kg1 Bf6 45. Kf1 Kg6 46. Rc5 Be7 47. Rd5 Kf6 48. Rh5 Kg7 49. Ke1 Bg5 50. Rh3 Kf6 51. Rd3 Ke5 52. Rd5+ Kf4 53. Kd1 h5 54. a5 h4 55. Bd7 Bd8 56. Be6 Ra1+ 57. Kc2 Bxa5 58. Rf5+ Kg3 59. Rg5+ Kf2 60. Rf5+ Ke3 61. Re5+ Kd4 62. Rd5+ Ke3 63. Re5+ Kf4 64. Rf5+ 1/2-1/2

[Event "UZB-ch 1st League"]
[Site "Tashkent"]
[Date "2010.04.13"]
[Round "3"]
[White "Eminov, Adkham"]
[Black "Kholmirzaev, Bakhodir"]
[Result "0-1"]
[WhiteElo "2218"]
[BlackElo "2344"]
[PlyCount "132"]
[EventDate "2010.04.11"]
[EventType "tourn"]
[EventRounds "11"]
[EventCountry "UZB"]
[SourceTitle "EXT 2013"]
[Source "ChessBase"]
[SourceDate "2012.11.22"]
[SourceVersion "1"]
[SourceVersionDate "2012.11.22"]
[SourceQuality "1"]

1. e4 c5 2. Nc3 Nc6 3. g3 e6 4. Bg2 Nf6 5. Nge2 Be7 6. 0-0 0-0 7. d3 a6 8. f4 d5 9. e5 Nd7 10. Kh1 b5 11. Ng1 b4 12. Nce2 f6 13. c4 Nb6 14. exf6 Bxf6 15. f5 Ne7 16. cxd5 Nexd5 17. Qc2 Qd6 18. fxe6 Bxe6 19. Nf4 Bf7 20. Nf3 Rad8 21. Bd2 Rfe8 22. Rae1 Rxe1 23. Nxe1 Re8 24. Be4 g6 25. Neg2 Bd4 26. Ne2 Bg7 27. Nef4 Nf6 28. Bb7 g5 29. Nh3 h6 30. Bxa6 Bd5 31. Ng1 Qc6 32. Bc1 Ra8 33. Bc4 Nxc4 34. dxc4 Be4 35. Qe2 Rxa2 36. Nf3 Ra1 37. Nd2 Bg6 38. Nb3 Ra7 39. Nd2 Rd7 40. Re1 Kh7 41. h3 Rd3 42. Kh2 Nh5 43. Nf1 Qd6 44. Be3 Rb3 45. Rd1 Qe5 46. Rd2 Nf6 47. Qd1 Rxb2 48. Rxb2 Qxb2 49. Bxc5 Ne4 50. Be3 Qc3 51. h4 b3 52. h5 Bf5 53. Qd5 Qe5 54. Bc1 Qxd5 55. cxd5 b2 56. Bxb2 Bxb2 57. Nge3 Bd7 58. g4 Nf6 59. Kg3 Bc1 60. Kf3 Kg7 61. d6 Kf7 62. Nf5 Bxf5 63. gxf5 Bf4 64. Kg2 Nxh5 65. Kf3 Nf6 66. Kg2 Ke8 0-1

[Event "UZB-ch 1st League"]
[Site "Tashkent"]
[Date "2010.04.12"]
[Round "2"]
[White "Hamrakulova, Yulduz"]
[Black "Eminov, Adkham"]
[Result "1/2-1/2"]
[WhiteElo "2249"]
[BlackElo "2218"]
[PlyCount "67"]
[EventDate "2010.04.11"]
[EventType "tourn"]
[EventRounds "11"]
[EventCountry "UZB"]
[SourceTitle "EXT 2013"]
[Source "ChessBase"]
[SourceDate "2012.11.22"]
[SourceVersion "1"]
[SourceVersionDate "2012.11.22"]
[SourceQuality "1"]

1. d4 d5 2. Nf3 c6 3. e3 Bf5 4. c4 e6 5. Bd3 Bxd3 6. Qxd3 Nd7 7. 0-0 f5 8. b3 Ngf6 9. Ng5 Bd6 10. Nxe6 Bxh2+ 11. Kh1 Qe7 12. Qxf5 g6 13. Qh3 Bd6 14. Nd2 Kf7 15. Ng5+ Kg7 16. e4 h6 17. Ne6+ Kf7 18. exd5 cxd5 19. Re1 Rae8 20. cxd5 Nxd5 21. Nc4 N7f6 22. Bd2 Qd7 23. Nc5 Bxc5 24. dxc5 Qxh3+ 25. gxh3 Kg7 26. Nd6 Rb8 27. Rac1 Rhd8 28. Nc4 Rd7 29. Ne5 Rc7 30. Kh2 Rbc8 31. b4 Rf8 32. f3 Nh5 33. Re4 Rf5 34. Ng4 1/2-1/2

[Event "Agzamov Memorial 04th"]
[Site "Tashkent"]
[Date "2010.03.28"]
[Round "6"]
[White "Eminov, Adkham"]
[Black "Megaranto, Susanto"]
[Result "1-0"]
[WhiteElo "2218"]
[BlackElo "2534"]
[PlyCount "137"]
[EventDate "2010.03.23"]
[EventType "swiss"]
[EventRounds "9"]
[EventCountry "UZB"]
[SourceTitle "CBM 135 Extra"]
[Source "ChessBase"]
[SourceDate "2010.05.04"]
[SourceVersion "1"]
[SourceVersionDate "2010.05.04"]
[SourceQuality "1"]

1. e4 c6 2. Nc3 d5 3. Nf3 Bg4 4. h3 Bxf3 5. Qxf3 e6 6. a3 Nf6 7. g3 Be7 8. Bg2 0-0 9. 0-0 Nbd7 10. d4 a5 11. Qe2 b5 12. e5 Ne8 13. f4 Nc7 14. Nd1 c5 15. c3 f5 16. exf6 Bxf6 17. Be3 cxd4 18. Bxd4 Bxd4+ 19. cxd4 Nb6 20. Ne3 a4 21. Rad1 Nc4 22. h4 Qd6 23. Kh2 Rae8 24. Rfe1 Re7 25. Bh3 Rfe8 26. Qc2 Na8 27. Re2 Nab6 28. Ng4 b4 29. axb4 Qxb4 30. Rde1 Nd7 31. Nf2 Qb6 32. Qxa4 Qxd4 33. b3 Nc5 34. Qb5 Nd2 35. Bg2 Ndxb3 36. Ng4 Rc8 37. Re3 Nd2 38. Ne5 Rb7 39. Qe2 Nde4 40. Nf3 Qb2 41. Ng5 Qxe2 42. R3xe2 Nf6 43. Nxe6 Nxe6 44. Rxe6 Rb2 45. R6e2 Rcc2 46. Bf3 Kf7 47. Kg1 Rxe2 48. Rxe2 Rxe2 49. Bxe2 h5 50. Kf2 Ke6 51. Bd3 Kd6 52. Ke3 Kc5 53. f5 d4+ 54. Kf4 Kb4 55. Kg5 Kc3 56. Bb5 Ne4+ 57. Kxh5 Nxg3+ 58. Kg6 Kb4 59. Ba6 Kc5 60. h5 Kd6 61. Bd3 Ke5 62. Bc2 Kd6 63. Bd3 Ke5 64. Bb1 Kd6 65. Bc2 Ke5 66. f6 Nxh5 67. f7 Nf4+ 68. Kxg7 Ne6+ 69. Kg8 1-0

[Event "Agzamov Memorial 02nd"]
[Site "Tashkent"]
[Date "2008.03.23"]
[Round "4"]
[White "Kayumov, Sergey"]
[Black "Eminov, Adkham"]
[Result "1-0"]
[WhiteElo "2426"]
[BlackElo "2240"]
[PlyCount "141"]
[EventDate "2008.03.18"]
[EventType "swiss"]
[EventRounds "9"]
[EventCountry "UZB"]
[SourceTitle "CBM 123 Extra"]
[Source "ChessBase"]
[SourceDate "2008.05.06"]
[SourceVersion "1"]
[SourceVersionDate "2008.05.06"]
[SourceQuality "1"]

1. e4 e5 2. Bc4 Nf6 3. d3 Nc6 4. Nf3 h6 5. 0-0 d6 6. Re1 g6 7. d4 Bg4 8. Bb5 Nd7 9. Bxc6 bxc6 10. Nbd2 exd4 11. h3 Bxf3 12. Nxf3 c5 13. e5 dxe5 14. Nxe5 Nxe5 15. Rxe5+ Be7 16. Qf3 Kf8 17. Bf4 Bd6 18. Rd5 Kg7 19. Be5+ f6 20. Rxd6 cxd6 21. Qb7+ Kg8 22. Bxf6 Qf8 23. Qd5+ Kh7 24. Re1 Qxf6 25. Qb7+ Qg7 26. Re7 Rag8 27. Qxa7 Qxe7 28. Qxe7+ Rg7 29. Qxd6 Rc8 30. a4 Rcc7 31. Qd5 Rgd7 32. Qc4 Rb7 33. b3 Rbc7 34. a5 h5 35. h4 Kg7 36. a6 Kh7 37. Qb5 Rd6 38. Qb8 Rdd7 39. Kf1 Re7 40. f3 Kg7 41. Kf2 Ra7 42. Qb6 Rac7 43. Kg3 Red7 44. Qb8 Ra7 45. Qb6 Rac7 46. Qb5 Rd6 47. Qb8 Rdd7 48. Kf4 c4 49. bxc4 Rxc4 50. a7 d3+ 51. Kg3 Ra4 52. a8Q Rxa8 53. Qxa8 dxc2 54. Qc8 Rf7 55. Qxc2 Rf8 56. Qc3+ Kg8 57. Qc6 Kg7 58. Kf2 Rf5 59. Ke3 Re5+ 60. Kf4 Rf5+ 61. Ke4 Rf7 62. Qc3+ Kh7 63. Ke5 Rb7 64. Qc6 Rf7 65. Ke6 Rf5 66. Qc7+ Kg8 67. Qd8+ Kg7 68. Qe7+ Kh8 69. Qf6+ Rxf6+ 70. Kxf6 Kh7 71. Kg5 1-0

[Event "Agzamov Memorial 01st"]
[Site "Tashkent"]
[Date "2007.03.22"]
[Round "8"]
[White "Eminov, Adkham"]
[Black "Filippov, Anton"]
[Result "0-1"]
[WhiteElo "2258"]
[BlackElo "2486"]
[PlyCount "144"]
[EventDate "2007.03.16"]
[EventType "swiss"]
[EventRounds "9"]
[EventCountry "UZB"]
[SourceTitle "CBM 117 Extra"]
[Source "ChessBase"]
[SourceDate "2007.05.09"]
[SourceVersion "1"]
[SourceVersionDate "2007.05.09"]
[SourceQuality "1"]

1. e4 c5 2. Nc3 a6 3. g3 b5 4. Bg2 Bb7 5. d3 e6 6. Nh3 b4 7. Ne2 d5 8. f3 Nf6 9. 0-0 Nc6 10. Kh1 a5 11. Be3 Be7 12. Nf2 Ba6 13. f4 0-0 14. h3 dxe4 15. Nxe4 Nd5 16. Bg1 c4 17. d4 c3 18. b3 Ra7 19. f5 exf5 20. Rxf5 Rd7 21. Qe1 g6 22. Rxd5 Rxd5 23. Nf4 Rxd4 24. Bxd4 Nxd4 25. Qf2 Nf5 26. Nd5 Bb7 27. Rd1 Bxd5 28. Rxd5 Qc7 29. g4 Bh4 30. Qf3 Ng3+ 31. Nxg3 Bxg3 32. Bf1 Re8 33. Rd1 Bf4 34. Rd4 Be3 35. Bb5 Bxd4 36. Bxe8 Qe7 37. Bb5 Qe1+ 38. Bf1 Bc5 39. Kg2 Qd2+ 40. Qe2 Qd5+ 41. Qf3 Qd4 42. Qe2 Kg7 43. Kf3 Kh6 44. Qd3 Qf6+ 45. Ke4 Qe6+ 46. Kf3 Kg5 47. Kg2 Qe5 48. Kf3 Qf4+ 49. Ke2 Kh4 50. Kd1 Be3 51. Qe2 h6 52. Qe1+ Bf2 53. Qe7+ Kg3 54. Qe2 Qd4+ 55. Qd3+ Qxd3+ 56. Bxd3 Kxh3 57. Ke2 Kg3 58. Bc4 f6 59. Bf7 g5 60. Be6 Bc5 61. Bc8 Kf4 62. Bd7 Bf8 63. Kf2 h5 64. gxh5 g4 65. Bc6 f5 66. Kg2 Kg5 67. Be8 f4 68. Bf7 f3+ 69. Kg3 Bg7 70. Be8 Be5+ 71. Kf2 Kf4 72. Kg1 g3 0-1